000 00331 a2200157 4500
001 155490
040 _cEscola São Tomás de Aquino
100 _aPASCHOALIN
240 1 0 _aMinigramática
_lpor
245 1 0 _aMinigramática
300 _a397
362 0 _a1997
440 1 _aFTD
697 _aLíngua portuguesa
942 _cBK
999 _c155490
_d155490